000 00570nam a2200157 a 4500
008 120416s1992 ||||||||||||||||| || u
050 _aHD 87 Zim
100 _aKadenge, Phineas G
245 1 0 _aZimbabwe's structural adjustment programme
246 _athe first year experience
260 _aHarare
_bSAPES
_c1992
350 _a0.00
650 _aSTRUCTURAL ADJUSTMENT PROGRAMME--ZIMBABWE
650 0 _aECONOMICS
995 _D0.00
_FCBU-MAIN LIBRARY (Kitwe)
_H1
_I3.75
_M1
_UAVAILABLE
_ZAnnex Low-Usage Collection
999 _c62457
_d62457